[Event "XXVIII Open Internacional de Erandio"]
[Site "Erandio "]
[Date "2019.12.19"]
[Round "6"]
[Board "3"]
[White "Ontiveros Acuna, Miguel Angel"]
[Black "Villanueva Arguinberri, Bruno"]
[Result "1-0"]
[WhiteElo "2026"]
[BlackElo "2029"]
[PlyCount "67"]
[EventDate "2019.12.14"]
[EventRounds "8"]
[EventCountry "ESP"]

1. d4 Nf6 2. Nf3 e6 3. Bf4 b6 4. e3 Bb7 5. c4 Bb4+ 6. Nc3 Ne4 7. Qb3 Bxc3+ 8.
bxc3 Nc6 9. Bd3 Na5 10. Qa3 d6 11. Rd1 O-O 12. c5 dxc5 13. O-O c4 14. Bb1 Qd5
15. Ne1 Nc5 16. f3 Qd7 17. Qc1 Na4 18. Qc2 g6 19. Bh6 Rfe8 20. e4 f5 21. Rf2
fxe4 22. fxe4 Bxe4 23. Qxe4 Nxc3 24. Qc2 Nxd1 25. Qxd1 c5 26. Nf3 Nc6 27. Be4
cxd4 28. Ng5 Re7 29. Qf1 Qd8 30. Bxc6 Rc8 31. Bb5 c3 32. Bc4 Qe8 33. Nxe6 Rxe6
34. Bxe6+  1-0

[Event "XXVIII Open Internacional de Erandio"]
[Site "Erandio "]
[Date "2019.12.19"]
[Round "6"]
[Board "5"]
[White "Svyatoslav, Vorobyev"]
[Black "Starostits, Ilmars"]
[Result "1/2-1/2"]
[WhiteElo "1942"]
[BlackElo "2492"]
[PlyCount "58"]
[EventDate "2019.12.14"]
[EventRounds "8"]
[EventCountry "ESP"]

1. e4 c5 2. Nf3 Nc6 3. Nc3 g6 4. d4 cxd4 5. Nxd4 Bg7 6. Be3 d6 7. Bc4 Nf6 8. f3
Bd7 9. Qd2 h5 10. h4 Rc8 11. Bb3 Ne5 12. O-O-O a6 13. Bg5 Nc4 14. Bxc4 Rxc4 15.
Nb3 Be6 16. e5 Nh7 17. Bf4 d5 18. Rhe1 b5 19. Bh6 O-O 20. Bxg7 Kxg7 21. Nxd5
Bxd5 22. Qxd5 Qc7 23. Nd4 e6 24. Qe4 Rd8 25. b3 Rc5 26. g4 Rdd5 27. gxh5 Rxe5
28. h6+ Kxh6 29. Qf4+ Kg7  1/2-1/2

[Event "XXVIII Open Internacional de Erandio"]
[Site "Erandio "]
[Date "2019.12.19"]
[Round "6"]
[Board "6"]
[White "Caballero Acosta, Erlantz"]
[Black "Garrido Legarreta, Jose Javier"]
[Result "0-1"]
[WhiteElo "1721"]
[BlackElo "1985"]
[PlyCount "68"]
[EventDate "2019.12.14"]
[EventRounds "8"]
[EventCountry "ESP"]

1. e4 c5 2. Nc3 Nc6 3. f4 e6 4. Nf3 a6 5. Be2 d5 6. d3 d4 7. Nb1 Nf6 8. O-O Be7
9. Nbd2 b5 10. h3 O-O 11. Qe1 Nd7 12. Qg3 Nb4 13. Bd1 f5 14. Ne5 Bh4 15. Qf3
Nxe5 16. fxe5 Bb7 17. a3 Nc6 18. Qe2 Be7 19. exf5 exf5 20. a4 Qd5 21. Nf3 b4
22. Bf4 Rae8 23. c4 dxc3 24. bxc3 Rd8 25. Rb1 Qxd3 26. Qxd3 Rxd3 27. cxb4 Nxb4
28. Be2 Rdd8 29. Ng5 Bd5 30. Bf3 h6 31. Bxd5+ Rxd5 32. Ne6 Rc8 33. Bh2 g5 34.
Rfc1 h5  0-1

[Event "XXVIII Open Internacional de Erandio"]
[Site "Erandio "]
[Date "2019.12.19"]
[Round "6"]
[Board "7"]
[White "Silva, Jorge"]
[Black "Salas Martin, Javier"]
[Result "1-0"]
[WhiteElo "1963"]
[BlackElo "1738"]
[PlyCount "41"]
[EventDate "2019.12.14"]
[EventRounds "8"]
[EventCountry "ESP"]

1. e4 d6 2. d4 Nf6 3. Nc3 e5 4. Nf3 Nbd7 5. Bc4 Be7 6. O-O O-O 7. Re1 c6 8. a4
a5 9. b3 Nxe4 10. Rxe4 d5 11. Bxd5 Bb4 12. Bxf7+ Rxf7 13. Bb2 exd4 14. Rxd4 Qb6
15. Ne4 Nf8 16. Neg5 Rf5 17. Qe2 Qc5 18. Rc4 Qe7 19. Re4 Qc7 20. Be5 Bd6 21.
Qc4+  1-0

[Event "XXVIII Open Internacional de Erandio"]
[Site "Erandio "]
[Date "2019.12.19"]
[Round "6"]
[Board "8"]
[White "Rodriguez Gonzalez, Alex"]
[Black "Singh Ahumada, Karan"]
[Result "1-0"]
[WhiteElo "1939"]
[BlackElo "1657"]
[PlyCount "64"]
[EventDate "2019.12.14"]
[EventRounds "8"]
[EventCountry "ESP"]

1. Nf3 d5 2. c4 Nf6 3. cxd5 Nxd5 4. d4 e6 5. e4 Nf6 6. Bd3 Be7 7. Nc3 O-O 8. e5
Nd5 9. h4 f6 10. Ng5 f5 11. Qh5 h6 12. Qg6 hxg5 13. hxg5 Bb4 14. Rh8+ Kxh8 15.
Qh5+ Kg8 16. g6 Nf6 17. exf6 Rxf6 18. Qh7+ Kf8 19. Bg5 Nd7 20. O-O-O Ke8 21.
Qxg7 Bf8 22. Qh8 Qe7 23. Re1 Qg7 24. Qh4 Rxg6 25. Nd5 Rxg5 26. Nxc7+ Kf7 27.
Nxe6 Rg4 28. Nd8+ Kg6 29. Qxg4+ Kh7 30. Bxf5+ Kh8 31. Rh1+ Qh6+ 32. Rxh6+ Bxh6+
 1-0

[Event "XXVIII Open Internacional de Erandio"]
[Site "Erandio "]
[Date "2019.12.19"]
[Round "6"]
[Board "9"]
[White "Uria Ramirez, Aitor"]
[Black "Fernandez Amezaga, Karmelo"]
[Result "1-0"]
[WhiteElo "1906"]
[BlackElo "1627"]
[PlyCount "65"]
[EventDate "2019.12.14"]
[EventRounds "8"]
[EventCountry "ESP"]

1. d4 Nf6 2. c4 e6 3. Nc3 Bb4 4. f3 c6 5. a3 Ba5 6. b4 Bc7 7. e4 Nh5 8. g3 Nf6
9. e5 Ng8 10. f4 b6 11. Bg2 Ne7 12. Nf3 Bb7 13. O-O O-O 14. Bb2 Nf5 15. Qd3 d5
16. cxd5 cxd5 17. Rfc1 a6 18. g4 Nh4 19. Ng5 Ng6 20. Qe3 b5 21. Ne2 h6 22. Nf3
Bb6 23. f5 Nh4 24. Rf1 Nc6 25. f6 Nxf3+ 26. Rxf3 Kh7 27. Rh3 Rh8 28. g5 Kg8 29.
fxg7 Kxg7 30. gxh6+ Kh7 31. Rf1 Qc7 32. Qd3+ Kg8 33. Qg3+  1-0

[Event "XXVIII Open Internacional de Erandio"]
[Site "Erandio "]
[Date "2019.12.19"]
[Round "6"]
[Board "10"]
[White "Martinez De Soria Gordon, Jose Manuel"]
[Black "Villota Martin, Pablo"]
[Result "1-0"]
[WhiteElo "1904"]
[BlackElo "751"]
[PlyCount "99"]
[EventDate "2019.12.14"]
[EventRounds "8"]
[EventCountry "ESP"]

1. e4 e5 2. Nc3 Bc5 3. Nf3 d6 4. Na4 Bb6 5. Nxb6 axb6 6. d4 exd4 7. Qxd4 Qf6 8.
Bg5 Qxd4 9. Nxd4 Ra4 10. Bb5+ Bd7 11. Bxa4 Bxa4 12. b3 Bd7 13. O-O f6 14. Be3
Ne7 15. f3 O-O 16. a4 Na6 17. Rfd1 f5 18. Bg5 Nc6 19. Nxc6 Bxc6 20. exf5 Rxf5
21. Bd2 Nc5 22. Re1 Kf7 23. Re2 Ne6 24. Be3 g5 25. Rae1 Bd7 26. c4 h5 27. Rf2
Kg6 28. g3 Ng7 29. g4 hxg4 30. Bd4 gxf3 31. Bxg7 Kxg7 32. Re7+ Rf7 33. Rxf7+
Kxf7 34. Rxf3+ Kg6 35. Kf2 Bf5 36. Ke3 Be6 37. Kd4 Bf7 38. Kc3 Kg7 39. b4 Kg6
40. Rf2 Be8 41. a5 bxa5 42. bxa5 Kg7 43. Rf5 Kg6 44. Rf8 Bc6 45. Rc8 Bg2 46.
Rxc7 d5 47. c5 d4+ 48. Kxd4 Kh5 49. Ke5 Kg4 50. Rg7  1-0

[Event "XXVIII Open Internacional de Erandio"]
[Site "Erandio "]
[Date "2019.12.20"]
[Round "7"]
[Board "1"]
[White "Trigo Urquijo, Sergio"]
[Black "Toledo Sanz, Imanol"]
[Result "1-0"]
[WhiteElo "2368"]
[BlackElo "2171"]
[PlyCount "77"]
[EventDate "2019.12.14"]
[EventRounds "8"]
[EventCountry "ESP"]

1. c4 e5 2. g3 c6 3. Nf3 e4 4. Nd4 d5 5. d3 dxc4 6. dxc4 Bc5 7. Be3 Qb6 8. Qd2
Nf6 9. Nc3 O-O 10. Na4 Bb4 11. Nxb6 Bxd2+ 12. Kxd2 axb6 13. h3 Rd8 14. Kc2 c5
15. Nb5 Nc6 16. Bg2 Bd7 17. Kc3 Nb4 18. a4 Bc6 19. b3 h6 20. Kb2 Rd7 21. Nc3
Rad8 22. Rhd1 Rxd1 23. Rxd1 Rxd1 24. Nxd1 Na6 25. Nc3 Kf8 26. Bf4 g5 27. Be5 e3
28. Bxc6 bxc6 29. f3 Nh5 30. Nd1 f6 31. Bd6+ Kf7 32. Nxe3 Ke6 33. g4 Ng7 34.
Bf8 Ne8 35. Nf5 Kf7 36. Be7 Nb8 37. Bd8 Nd7 38. Nxh6+ Ke6 39. Nf5  1-0

[Event "XXVIII Open Internacional de Erandio"]
[Site "Erandio "]
[Date "2019.12.20"]
[Round "7"]
[Board "2"]
[White "Ontiveros Acuna, Miguel Angel"]
[Black "Sadusea, Johnny Fernando"]
[Result "1/2-1/2"]
[WhiteElo "2026"]
[BlackElo "2132"]
[PlyCount "81"]
[EventDate "2019.12.14"]
[EventRounds "8"]
[EventCountry "ESP"]

1. d4 Nf6 2. Nf3 e6 3. Bf4 b6 4. e3 Bb7 5. Nbd2 c5 6. c3 Nc6 7. Bd3 d5 8. Qe2
Be7 9. h3 O-O 10. O-O Rc8 11. Rad1 cxd4 12. exd4 Re8 13. Rfe1 Nd7 14. Nf1 Nf8
15. Bb5 Bd6 16. Bxd6 Qxd6 17. Ne5 f6 18. Nf3 Qc7 19. Ng3 a6 20. Bxc6 Bxc6 21.
Qd2 Ng6 22. h4 Qf7 23. h5 Nf8 24. Qf4 a5 25. Re3 Qc7 26. Qh4 Ba4 27. Rde1 Qf7
28. Nh2 Bc2 29. Ng4 h6 30. Rf3 f5 31. Ne5 Qf6 32. Qf4 Qg5 33. Ne2 Ba4 34. Rh3
Nh7 35. Nf3 Qf6 36. Rg3 Nf8 37. Qd2 Red8 38. Nf4 Be8 39. Ne5 Nh7 40. Neg6 Bf7
41. Ne5  1/2-1/2

[Event "XXVIII Open Internacional de Erandio"]
[Site "Erandio "]
[Date "2019.12.20"]
[Round "7"]
[Board "3"]
[White "Garrido Legarreta, Jose Javier"]
[Black "Silva, Jorge"]
[Result "1/2-1/2"]
[WhiteElo "1985"]
[BlackElo "1963"]
[PlyCount "185"]
[EventDate "2019.12.14"]
[EventRounds "8"]
[EventCountry "ESP"]

1. d4 Nf6 2. c4 e6 3. Nc3 d5 4. Bg5 Be7 5. Nf3 h6 6. Bxf6 Bxf6 7. e3 O-O 8. Rc1
c6 9. Bd3 Nd7 10. O-O Qa5 11. Qc2 Rd8 12. Rfd1 b6 13. a3 dxc4 14. Bxc4 Bb7 15.
e4 Rac8 16. e5 Be7 17. Ra1 b5 18. b4 Qc7 19. Bd3 Nb6 20. Ne4 Nd5 21. Nc5 Ra8
22. Rdc1 Rdc8 23. Be4 a5 24. Bxd5 cxd5 25. Qb2 Bc6 26. Rc3 Qa7 27. Rac1 axb4
28. axb4 Qa2 29. Qxa2 Rxa2 30. h3 Be8 31. Nb7 Rc4 32. Nd6 Bxd6 33. exd6 f6 34.
Kf1 Ra6 35. Nd2 Rxc3 36. Rxc3 Rxd6 37. Rc8 Kf7 38. Nb3 Rc6 39. Rxc6 Bxc6 40.
Ke2 Ke7 41. f4 g5 42. Kf3 Be8 43. h4 gxf4 44. Kxf4 Bg6 45. Nc5 Kd6 46. Nb7+ Ke7
47. Nc5 Be8 48. g4 Bg6 49. g5 fxg5+ 50. hxg5 h5 51. Nb7 Bf5 52. Nc5 h4 53. Nb3
h3 54. Kg3 Kf7 55. Nd2 Kg6 56. Nf3 Kh5 57. Kf4 Be4 58. g6 Bxg6 59. Kg3 Bf5 60.
Ne5 Kg5 61. Nf7+ Kf6 62. Ne5 Kg5 63. Nf7+ Kh5 64. Ne5 Kh6 65. Nf7+ Kg7 66. Ne5
Kf6 67. Nf3 Be4 68. Ne5 Bg2 69. Kf4 Bf1 70. Nf3 Be2 71. Nh2 Kg6 72. Ke3 Bd1 73.
Kf4 Kh5 74. Nf1 Kh4 75. Nh2 Be2 76. Ke3 Kg3 77. Kxe2 Kg2 78. Nf3 h2 79. Nxh2
Kxh2 80. Kf3 Kg1 81. Kg3 Kf1 82. Kf3 Ke1 83. Ke3 Kd1 84. Kd3 Kc1 85. Kc3 Kb1
86. Kb3 Ka1 87. Ka3 Kb1 88. Kb3 Kc1 89. Kc3 Kd1 90. Kd3 Ke1 91. Ke3 Kf1 92. Kf3
Kg1 93. Kg3  1/2-1/2

[Event "XXVIII Open Internacional de Erandio"]
[Site "Erandio "]
[Date "2019.12.20"]
[Round "7"]
[Board "4"]
[White "Starostits, Ilmars"]
[Black "Uria Ramirez, Aitor"]
[Result "1-0"]
[WhiteElo "2492"]
[BlackElo "1906"]
[PlyCount "33"]
[EventDate "2019.12.14"]
[EventRounds "8"]
[EventCountry "ESP"]

1. d4 Nf6 2. Nf3 c5 3. e3 g6 4. dxc5 Qa5+ 5. Bd2 Qxc5 6. Bc3 Bg7 7. Nbd2 O-O 8.
Be2 b6 9. O-O Bb7 10. a4 a6 11. Bd4 Qc7 12. Nc4 b5 13. Nb6 Ra7 14. axb5 Bxf3
15. gxf3 d5 16. Nxd5 Nxd5 17. Bxa7  1-0

[Event "XXVIII Open Internacional de Erandio"]
[Site "Erandio "]
[Date "2019.12.20"]
[Round "7"]
[Board "5"]
[White "Prieto Aranguren, Alain"]
[Black "Martinez De Soria Gordon, Jose Manuel"]
[Result "1-0"]
[WhiteElo "2277"]
[BlackElo "1904"]
[PlyCount "125"]
[EventDate "2019.12.14"]
[EventRounds "8"]
[EventCountry "ESP"]

1. d4 Nf6 2. c4 e6 3. Nf3 Bb4+ 4. Bd2 Qe7 5. g3 b6 6. Bg2 Bb7 7. O-O Bxd2 8.
Nbxd2 O-O 9. Qc2 Na6 10. e4 Ne8 11. a3 c5 12. d5 e5 13. Rfb1 d6 14. Nf1 g6 15.
Ne3 Ng7 16. Nh4 Bc8 17. Re1 Bd7 18. Nf1 Nh5 19. Qe2 Nf4 20. gxf4 Qxh4 21. fxe5
dxe5 22. Qe3 Rae8 23. Qg3 Qxg3 24. hxg3 Rd8 25. Nd2 Bc8 26. Kh2 f6 27. Bh3 Kf7
28. Bxc8 Rxc8 29. Kg2 h5 30. f4 Rce8 31. Nf3 exf4 32. gxf4 Nc7 33. e5 Rd8 34.
e6+ Ke7 35. Kf2 Nxd5 36. cxd5 Rxd5 37. Re2 g5 38. Rae1 Rf5 39. Rd1 Rd8 40. Rxd8
Kxd8 41. fxg5 fxg5 42. e7+ Ke8 43. Kg3 Rd5 44. Re3 b5 45. Re6 Rd3 46. Kf2 Rd7
47. Nxg5 Rxe7 48. Ra6 Rb7 49. Ne4 Rf7+ 50. Ke3 Re7 51. Kf4 Rf7+ 52. Ke5 Re7+
53. Kd5 c4 54. Nd6+ Kf8 55. Nxb5 Re2 56. Kxc4 Rxb2 57. Rxa7 Kg8 58. Rd7 h4 59.
Rd3 Rg2 60. a4 Rg4+ 61. Rd4 Rxd4+ 62. Nxd4 Kf7 63. a5  1-0

[Event "XXVIII Open Internacional de Erandio"]
[Site "Erandio "]
[Date "2019.12.20"]
[Round "7"]
[Board "6"]
[White "De La Fuente Pinedo, Mikel"]
[Black "Svyatoslav, Vorobyev"]
[Result "0-1"]
[WhiteElo "1683"]
[BlackElo "1942"]
[PlyCount "104"]
[EventDate "2019.12.14"]
[EventRounds "8"]
[EventCountry "ESP"]

1. c4 c5 2. Nc3 Nf6 3. g3 d5 4. cxd5 Nxd5 5. Bg2 Nc7 6. Nf3 Nc6 7. O-O e5 8. d3
Be7 9. b3 O-O 10. Bb2 Be6 11. Qd2 f6 12. h3 Qd7 13. Kh2 Rac8 14. Ne4 Na6 15.
Ba3 Nd4 16. Nxd4 cxd4 17. Bxe7 Qxe7 18. Rac1 b6 19. Rxc8 Rxc8 20. Rc1 Nc5 21.
Qb4 Kf7 22. Nxc5 Rxc5 23. Rxc5 Qxc5 24. Qxc5 bxc5 25. h4 Ke7 26. Kg1 Kd6 27.
Kf1 Kc7 28. Ke1 Kb6 29. Kd2 Kb5 30. Kc2 Bg4 31. f3 Bf5 32. Kb2 a5 33. Ka3 g5
34. g4 Bd7 35. h5 h6 36. Bh3 Kb6 37. Bf1 Kc7 38. Kb2 Kd6 39. Ka3 e4 40. dxe4
Ke5 41. Kb2 Kf4 42. Kc2 Ke3 43. Kd1 Kf2 44. Bh3 Bb5 45. f4 Bxe2+ 46. Kd2 gxf4
47. g5 fxg5 48. e5 g4 49. Bf1 Kxf1 50. a4 Ba6 51. e6 Bc8 52. e7 Bd7  0-1

[Event "XXVIII Open Internacional de Erandio"]
[Site "Erandio "]
[Date "2019.12.20"]
[Round "7"]
[Board "7"]
[White "Perez Novoa, Miguel"]
[Black "Rodriguez Gonzalez, Alex"]
[Result "0-1"]
[WhiteElo "1675"]
[BlackElo "1939"]
[PlyCount "84"]
[EventDate "2019.12.14"]
[EventRounds "8"]
[EventCountry "ESP"]

1. e4 Nc6 2. Nf3 d5 3. e5 Bg4 4. Bb5 a6 5. Bxc6+ bxc6 6. d4 e6 7. O-O c5 8. c3
cxd4 9. Qa4+ Qd7 10. Qxd7+ Kxd7 11. cxd4 Bxf3 12. gxf3 c5 13. Be3 cxd4 14. Bxd4
Ne7 15. Rc1 Nf5 16. Bb6 Rc8 17. Rxc8 Kxc8 18. Nd2 Kb7 19. Ba5 Nd4 20. Kf1 Nc6
21. Nb3 Nxe5 22. Ke2 Nc4 23. Bc3 f6 24. Na5+ Nxa5 25. Bxa5 Bd6 26. h3 Rc8 27.
Kd3 Be5 28. Rb1 Rc4 29. Bc3 Bxc3 30. bxc3+ Kc6 31. Rb4 Rc5 32. f4 a5 33. Ra4
Kb6 34. Kd4 g5 35. fxg5 e5+ 36. Kd3 fxg5 37. Rg4 h6 38. f3 Kc6 39. h4 Rc4 40.
hxg5 Rxg4 41. fxg4 hxg5 42. Ke3 Kc5  0-1

[Event "XXVIII Open Internacional de Erandio"]
[Site "Erandio "]
[Date "2019.12.20"]
[Round "7"]
[Board "8"]
[White "Perez Fernandez, Modesto"]
[Black "Villanueva Arguinberri, Bruno"]
[Result "1-0"]
[WhiteElo "2134"]
[BlackElo "2029"]
[PlyCount "135"]
[EventDate "2019.12.14"]
[EventRounds "8"]
[EventCountry "ESP"]

1. e4 e5 2. Nf3 Nf6 3. Nxe5 d6 4. Nf3 Nxe4 5. d4 d5 6. Bd3 Bd6 7. O-O O-O 8.
Re1 Re8 9. c4 c6 10. Qc2 f5 11. Qb3 Qb6 12. Qxb6 axb6 13. cxd5 cxd5 14. Nc3 Bb4
15. Bd2 Bxc3 16. Bxc3 Bd7 17. Ne5 Bc6 18. Bb4 g6 19. f3 Nf6 20. a3 Nbd7 21.
Nxd7 Bxd7 22. Kf2 Kf7 23. Rac1 Rxe1 24. Kxe1 Rc8 25. Ra1 Ba4 26. Kd2 Rc6 27.
Re1 Re6 28. Rb1 Bb3 29. Rc1 Rc6 30. Re1 Re6 31. Ra1 Ba4 32. Rb1 Bb3 33. Kc3 Re3
34. Kxb3 Rxd3+ 35. Bc3 Re3 36. Re1 Rxe1 37. Bxe1 g5 38. Kb4 Ke6 39. Kb5 Nd7 40.
h4 h6 41. hxg5 hxg5 42. Bd2 f4 43. Bb4 Kf5 44. Bd6 g4 45. Bc7 gxf3 46. gxf3 Kg5
47. a4 Nf8 48. Kxb6 Ne6 49. Be5 Nf8 50. Kc5 Nd7+ 51. Kxd5 Nb6+ 52. Ke4 Nxa4 53.
Bxf4+ Kg6 54. Bc1 Kf6 55. Kd5 Ke7 56. Kc4 Nb6+ 57. Kb5 Nd7 58. Bf4 Ke6 59. Be5
Kd5 60. f4 Ke4 61. Kc4 Nb6+ 62. Kb5 Nd7 63. b4 Kf5 64. d5 Ke4 65. d6 Kd5 66.
Ka4 Nb6+ 67. Kb3 Nc4 68. d7  1-0

[Event "XXVIII Open Internacional de Erandio"]
[Site "Erandio "]
[Date "2019.12.20"]
[Round "7"]
[Board "10"]
[White "Zubizarreta Landera, Amets"]
[Black "Caballero Acosta, Erlantz"]
[Result "1-0"]
[WhiteElo "1828"]
[BlackElo "1721"]
[PlyCount "65"]
[EventDate "2019.12.14"]
[EventRounds "8"]
[EventCountry "ESP"]

1. e4 c6 2. d4 d5 3. exd5 cxd5 4. Bf4 Nc6 5. c3 Nf6 6. Bd3 Bg4 7. Qb3 Qc8 8.
Nd2 e6 9. Ngf3 Be7 10. O-O O-O 11. Rae1 a6 12. Qc2 h6 13. h3 Bxf3 14. Nxf3 b5
15. a3 Qb7 16. Qd2 Ne4 17. Bxe4 dxe4 18. Rxe4 Na5 19. Rfe1 Kh7 20. Qc2 g6 21.
Qc1 h5 22. Ng5+ Bxg5 23. Bxg5 Rae8 24. Bf6 Nc4 25. Rh4 Qd5 26. b3 Qf5 27. Rf4
Qd3 28. bxc4 Qxc4 29. Rh4 Rd8 30. Qg5 Qf1+ 31. Rxf1 Rxd4 32. Rxh5+ gxh5 33.
Qg7#  1-0

[Event "XXVIII Open Internacional de Erandio"]
[Site "Erandio "]
[Date "2019.12.21"]
[Round "8"]
[Board "1"]
[White "Sadusea, Johnny Fernando"]
[Black "Trigo Urquijo, Sergio"]
[Result "0-1"]
[WhiteElo "2132"]
[BlackElo "2368"]
[PlyCount "104"]
[EventDate "2019.12.14"]
[EventRounds "8"]
[EventCountry "ESP"]

1. e4 e6 2. d4 d5 3. e5 c5 4. c3 Nc6 5. Nf3 Bd7 6. a3 c4 7. Nbd2 Na5 8. Be2 Bc6
9. O-O Qd7 10. Qe1 Ba4 11. Bd1 Ne7 12. Bxa4 Qxa4 13. Qd1 Qxd1 14. Rxd1 f5 15.
Ng5 Kd7 16. f4 h6 17. Ngf3 Rg8 18. h4 g6 19. Rb1 Nec6 20. Nf1 Nb3 21. Be3 Be7
22. Kf2 b5 23. N1d2 Nxd2 24. Bxd2 a5 25. g3 h5 26. Ke3 Rgb8 27. Be1 b4 28. axb4
axb4 29. Ra1 Kc7 30. Bd2 Na5 31. Be1 Nb3 32. Rxa8 Rxa8 33. cxb4 Rb8 34. Bc3
Bxb4 35. Ng1 Bxc3 36. bxc3 Ra8 37. Re1 Ra2 38. Re2 Ra1 39. Kf2 Rc1 40. Ra2 Rxc3
41. Ne2 Rd3 42. Ra7+ Kb6 43. Re7 Nxd4 44. Nxd4 Rxd4 45. Rxe6+ Kc5 46. Ke3 Rd3+
47. Ke2 Kd4 48. Rxg6 Re3+ 49. Kd1 Kd3 50. Rd6 d4 51. e6 c3 52. Rc6 Re4  0-1

[Event "XXVIII Open Internacional de Erandio"]
[Site "Erandio "]
[Date "2019.12.21"]
[Round "8"]
[Board "2"]
[White "Silva, Jorge"]
[Black "Ontiveros Acuna, Miguel Angel"]
[Result "0-1"]
[WhiteElo "1963"]
[BlackElo "2026"]
[PlyCount "80"]
[EventDate "2019.12.14"]
[EventRounds "8"]
[EventCountry "ESP"]

1. e4 c5 2. Nf3 Nc6 3. d4 cxd4 4. Nxd4 Qb6 5. Nb3 Nf6 6. Nc3 e6 7. Be3 Qc7 8.
Bd3 Be7 9. O-O a6 10. f4 d6 11. a4 O-O 12. a5 Nb4 13. Bb6 Qb8 14. Be2 Bd7 15.
Bf3 Bc6 16. Qd2 d5 17. e5 Ne4 18. Bxe4 dxe4 19. Rae1 Nd5 20. Nxe4 Nxb6 21. axb6
Qd8 22. Qa5 Qd5 23. Kh1 Qc4 24. Ned2 Qxc2 25. Nd4 Qxb2 26. Nxc6 bxc6 27. Rb1
Qd4 28. Nf3 Qxf4 29. b7 Rab8 30. Qc7 Bb4 31. Rfc1 c5 32. Rd1 Qe4 33. Rxb4 cxb4
34. Rd7 Qb1+ 35. Ng1 Qf1 36. Qd6 Qb5 37. Qe7 b3 38. Rc7 b2 39. Qxf8+ Rxf8 40.
Rc8 Qxb7  0-1

[Event "XXVIII Open Internacional de Erandio"]
[Site "Erandio "]
[Date "2019.12.21"]
[Round "8"]
[Board "3"]
[White "Rodriguez Gonzalez, Alex"]
[Black "Starostits, Ilmars"]
[Result "0-1"]
[WhiteElo "1939"]
[BlackElo "2492"]
[PlyCount "58"]
[EventDate "2019.12.14"]
[EventRounds "8"]
[EventCountry "ESP"]

1. Nf3 d5 2. c4 d4 3. e3 c5 4. b4 dxe3 5. fxe3 cxb4 6. d4 e6 7. Bd3 Nf6 8. O-O
Nc6 9. Nbd2 Be7 10. Ng5 Nxd4 11. Nde4 Nc6 12. Nxf7 Kxf7 13. Qh5+ Kg8 14. Nxf6+
Bxf6 15. Bb2 e5 16. Rad1 Be6 17. Bf5 Qe7 18. Qg4 Bxf5 19. Rxf5 h5 20. Qg3 Rh6
21. Rdf1 Rd8 22. Qf3 a5 23. Rxh5 Rxh5 24. Qxh5 a4 25. Rf3 Rd1+ 26. Kf2 Bh4+ 27.
Ke2 Re1+ 28. Kd2 Qd7+ 29. Bd4 Nxd4  0-1

[Event "XXVIII Open Internacional de Erandio"]
[Site "Erandio "]
[Date "2019.12.21"]
[Round "8"]
[Board "4"]
[White "Svyatoslav, Vorobyev"]
[Black "Prieto Aranguren, Alain"]
[Result "0-1"]
[WhiteElo "1942"]
[BlackElo "2277"]
[PlyCount "37"]
[EventDate "2019.12.14"]
[EventRounds "8"]
[EventCountry "ESP"]

1. e4 c6 2. d4 d5 3. Nc3 dxe4 4. Nxe4 Bf5 5. Ng3 Bg6 6. h4 h6 7. h5 Bh7 8. Nf3
Nd7 9. Bd3 Bxd3 10. Qxd3 e6 11. Bd2 Ngf6 12. O-O-O Be7 13. Ne4 O-O 14. Nxf6+
Nxf6 15. g4 Nxg4 16. Rhg1 f5 17. Qe2 Kh7 18. Ne5 Nxe5 19. dxe5 {...}  0-1

[Event "XXVIII Open Internacional de Erandio"]
[Site "Erandio "]
[Date "2019.12.21"]
[Round "8"]
[Board "5"]
[White "Toledo Sanz, Imanol"]
[Black "Garrido Legarreta, Jose Javier"]
[Result "1-0"]
[WhiteElo "2171"]
[BlackElo "1985"]
[PlyCount "97"]
[EventDate "2019.12.14"]
[EventRounds "8"]
[EventCountry "ESP"]

1. e4 Nf6 2. e5 Nd5 3. d4 d6 4. c4 Nb6 5. exd6 exd6 6. Bd3 Be7 7. Nc3 Nc6 8.
Nge2 Bg4 9. Be3 Bf6 10. Qd2 Nb4 11. O-O O-O 12. b3 Nxd3 13. Qxd3 Re8 14. Ng3 h5
15. h3 h4 16. Nge2 Bxe2 17. Nxe2 c6 18. a4 d5 19. a5 dxc4 20. bxc4 Nc8 21. a6
b6 22. Rad1 Nd6 23. Nc3 g6 24. Bf4 Nf5 25. d5 Bxc3 26. Qxc3 cxd5 27. Rxd5 Qe7
28. Be5 Rac8 29. Rfd1 Rc6 30. Qd3 f6 31. Bc3 Qe4 32. Rd7 Qxd3 33. R1xd3 Ree6
34. Rxa7 Re8 35. Rad7 Rxc4 36. a7 Ra4 37. Bxf6 b5 38. Rd8 Rxd8 39. Rxd8+ Kf7
40. a8=Q Rxa8 41. Rxa8 Kxf6 42. Rb8 Nd4 43. Rb6+ Kf5 44. Kf1 g5 45. Ke1 g4 46.
hxg4+ Kxg4 47. Kd2 h3 48. gxh3+ Kxh3 49. Kd3  1-0

[Event "XXVIII Open Internacional de Erandio"]
[Site "Erandio "]
[Date "2019.12.21"]
[Round "8"]
[Board "6"]
[White "Martin Ibisate, Xabier"]
[Black "Perez Fernandez, Modesto"]
[Result "0-1"]
[WhiteElo "1897"]
[BlackElo "2134"]
[PlyCount "73"]
[EventDate "2019.12.14"]
[EventRounds "8"]
[EventCountry "ESP"]

1. e4 c5 2. Nf3 e6 3. d4 cxd4 4. Nxd4 Nc6 5. Nc3 Qc7 6. Be3 a6 7. Qd2 Nf6 8. f3
Be7 9. O-O-O b5 10. Kb1 Bb7 11. g4 Rc8 12. Nxc6 Bxc6 13. g5 Nh5 14. Bd3 e5 15.
Nd5 Bxd5 16. exd5 Qd6 17. Be4 O-O 18. Qd3 g6 19. Rdg1 Rc4 20. h4 Rfc8 21. Rh2
Qb8 22. Rd2 Bb4 23. Rf2 a5 24. Rg4 Bd6 25. Qd2 a4 26. Bd3 R4c7 27. Qa5 Rb7 28.
c4 bxc4 29. Rxc4 Rxc4 30. Bxc4 a3 31. b3 Bb4 32. Qa6 d6 33. f4 exf4 34. Bxf4
Nxf4 35. Rxf4 Qe8 36. Be2 Qe5 37. Kc2  0-1

[Event "XXVIII Open Internacional de Erandio"]
[Site "Erandio "]
[Date "2019.12.21"]
[Round "8"]
[Board "7"]
[White "Villanueva Arguinberri, Bruno"]
[Black "Zubizarreta Landera, Amets"]
[Result "1/2-1/2"]
[WhiteElo "2029"]
[BlackElo "1828"]
[PlyCount "55"]
[EventDate "2019.12.14"]
[EventRounds "8"]
[EventCountry "ESP"]

1. d4 Nf6 2. Nf3 c5 3. e3 g6 4. Bd3 Bg7 5. O-O O-O 6. c3 b6 7. e4 cxd4 8. cxd4
Ba6 9. Nc3 Bxd3 10. Qxd3 d6 11. h3 Nbd7 12. e5 Ne8 13. e6 fxe6 14. Ng5 Nc7 15.
Nb5 Nxb5 16. Nxe6 Qe8 17. Qxb5 Rf5 18. Nxg7 Rxb5 19. Nxe8 Rxe8 20. b3 Nf6 21.
Re1 Rf5 22. Ba3 Kf8 23. Bb2 Nd5 24. g3 Kg7 25. Re2 Rc8 26. Rc1 Rff8 27. Rec2
Rxc2 28. Rxc2  1/2-1/2

[Event "XXVIII Open Internacional de Erandio"]
[Site "Erandio "]
[Date "2019.12.21"]
[Round "8"]
[Board "8"]
[White "Uria Ramirez, Aitor"]
[Black "Cuero Reid, Maximo Javier"]
[Result "1-0"]
[WhiteElo "1906"]
[BlackElo "1753"]
[PlyCount "83"]
[EventDate "2019.12.14"]
[EventRounds "8"]
[EventCountry "ESP"]

1. d4 Nc6 2. Nf3 d6 3. c4 Bg4 4. Nc3 Nf6 5. d5 Ne5 6. Nxe5 dxe5 7. Qb3 Qc8 8.
f3 Bd7 9. e4 e6 10. Be3 Be7 11. Be2 O-O 12. O-O Nh5 13. Rfd1 exd5 14. cxd5 Kh8
15. Rac1 Qd8 16. Nb5 Bxb5 17. Bxb5 Bg5 18. Bf1 Bxe3+ 19. Qxe3 f5 20. exf5 Rxf5
21. g4 Rg5 22. h4 Rg6 23. Qxe5 Qxh4 24. Bg2 Ng3 25. Rxc7 h5 26. gxh5 Rg5 27.
Qe6 Nxh5 28. Rc8+ Kh7 29. Qg8+ Kh6 30. Qe8 Kh7 31. Rxa8 Rxg2+ 32. Kxg2 Nf4+ 33.
Kf1 Qh1+ 34. Kf2 Qxd1 35. Qe4+ Ng6 36. Rd8 Qd2+ 37. Qe2 Qd4+ 38. Kf1 Qh4 39.
Re8 Qh1+ 40. Kf2 Qh4+ 41. Kg1 Qd4+ 42. Kh1  1-0